| 000 | 02509nam0a2200445 i 4500 | ||
|---|---|---|---|
| 001 | RU\NLR\bibl\2074386 | ||
| 005 | 20240921142716.0 | ||
| 010 |
_a9785897644117 _9500 |
||
| 021 |
_aRU _b2013-65699 _94497 |
||
| 035 | _a(nilc)LIBNET\0000366199 | ||
| 035 | _a(NLR Aleph) 002060391 | ||
| 090 |
_a4682615 _c4682615 |
||
| 100 | _a20130819d2013 k y0rusy50 ca | ||
| 101 | 0 | _arus | |
| 102 | _aRU | ||
| 105 | _aa ||||||||| | ||
| 200 | 1 |
_aПроизводительность труда в сельском хозяйстве региона: факторы и условия роста _eмонография _fБ.С. Кошелев, С.Л. Петуховский, Ю.А. Мирошников _gМ-во сел. хоз-ва Рос. Федерации, Федер. гос. бюджет. образоват. учреждение высш. проф. образования "Ом. гос. аграр. ун-т им. П.А. Столыпина (ФГБОУ ВПО ОмГАУ им. П. А. Столыпина), Ин-т экономики и финансов, Гос. науч. учреждение Сиб. науч.-исслед. ин-т сел. хоз-ва Россельхозакад. |
|
| 210 |
_aОмск _cИзд-во ФГБОУ ВПО ОмГАУ _d2013 |
||
| 215 |
_a375 с. _cил. _d22 |
||
| 320 | _aБиблиогр.: с. 370-375 (108 назв.) | ||
| 606 | 1 |
_aСельское хозяйство _xПроизводительность труда _91634711 _3RU\NLR\auth\66722339 |
|
| 610 | 1 | _aПроизводительность труда | |
| 610 | 1 | _aОмская область | |
| 610 | 1 | _aСельскохозяйственное произхводство | |
| 610 | 1 | _aАгропромышленный комплекс | |
| 610 | 1 | _aФермерское хозяйство | |
| 610 | 1 | _aСельское хозяйство Омской области | |
| 610 | 1 | _aЭкономика Омской области | |
| 686 |
_a65.32-57(2Рос-4Омс)641 _vLBC/M _2rubbk |
||
| 686 | 1 | _aУ32(2)-641 | |
| 700 | 1 |
_aКошелев _bБ. С. _gБорис Степанович _4070 |
|
| 701 | 1 |
_aПетуховский _bС. Л. _gСергей Львович _4070 |
|
| 701 | 1 |
_aМирошников _bЮ. А. _gЮрий Александррович _4070 |
|
| 801 | 0 |
_aRU _bОмская ГОНБ _c20130819 _grcr |
|
| 801 | 1 |
_aRU _bОмская ГОНБ _c20130819 _grcr _2rusmarc |
|
| 801 | 2 |
_aRU _bNLR _c20130923 _grcr |
|
| 942 | _cBOOK | ||
| 980 | _aNBR | ||